TV Show Hangman Quiz Stats

Quiz Updated Mar 10, 2016

Also try: Country Hangman
Challenge
Share
Tweet
Embed
Score 0/108 Timer 03:00
0 Plays Today
Code TV Show % Correct
E5???
93%
E6???
91.5%
S5???
89.4%
S6???
89.4%
A7???
87.9%
R6???
87.4%
O5???
87%
B5???
86.8%
C6???
86.3%
H6???
85.5%
N5???
84.3%
*6 LETTER*???
81.9%
S7???
81.3%
X6???
81%
Z6???
80.9%
V6???
80.3%
U7???
80%
Q6???
79.9%
J6???
79.4%
T7???
78.8%
*5 LETTER*???
78.5%
Y6???
78.2%
R7???
78.2%
K6???
77.8%
W6???
77.4%
X5???
76.7%
Q5???
76.7%
Z5???
76.3%
F6???
76.3%
I8???
76.1%
G6???
76%
V5???
75.5%
O8???
74.9%
G7???
74.7%
P6???
74.6%
S8???
74.3%
Code TV Show % Correct
Y5???
73.1%
J5???
72.3%
B6???
71.9%
W5???
71.7%
K5???
71.7%
U6???
71.5%
D6???
71.3%
*7 LETTER*???
70.5%
M6???
70.5%
F5???
70%
R8???
70%
U8???
69.8%
X7???
68.7%
G5???
68.6%
Z7???
68.5%
P5???
68.3%
V7???
67.7%
L6???
67.2%
O6???
66.7%
I6???
66.6%
Q7???
66%
U5???
64.9%
J7???
64.9%
H5???
64.7%
N6???
64.5%
W7???
64.3%
K7???
63.7%
C5???
62.2%
Y7???
62%
D5???
61.9%
F7???
59.9%
V8???
59.5%
P7???
59.4%
H7???
59.1%
T6???
57.6%
*8 LETTER*???
57.5%
Code TV Show % Correct
M5???
57.1%
B7???
57%
C7???
55.2%
D7???
54.8%
L5???
54.4%
X8???
54.2%
Z8???
54%
Q8???
51.2%
M7???
51.2%
L7???
51.1%
Y8???
49.4%
J8???
48.6%
W8???
48%
K8???
46.5%
F8???
45.2%
I5???
44.1%
T5???
44.1%
G8???
43.6%
R5???
42.7%
N7???
42.7%
B8???
42.5%
H8???
41.9%
P8???
41%
C8???
40.9%
D8???
40.7%
A6???
39.7%
M8???
37.5%
L8???
36.3%
N8???
28.8%
I7???
26.7%
A5???
25.5%
O7???
25.3%
T8???
23.1%
E7???
18.1%
A8???
12.6%
E8???
12.3%

You're not logged in!

Compare scores with friends on all Sporcle quizzes.
Join for Free
OR
Log In

You Might Also Like...

Show Comments

Extras

Top Quizzes Today


Score Distribution

Your Account Isn't Verified!

In order to create a playlist on Sporcle, you need to verify the email address you used during registration. Go to your Sporcle Settings to finish the process.

Report this User

Report this user for behavior that violates our Community Guidelines.

Details: